2025 F1 Drivers - Statistics

General Stats
  • This quiz has been taken 57 times
    19 since last reset
  • The average score is 20 of 20
Answer Stats
F1 Teams Answer % Correct
Williams Albon
100%
Mercedes Antonelli
100%
Haas Bearman
100%
Alpine Gasly
100%
VCARB Hadjar
100%
Ferarri Hamilton
100%
Kick Sauber Hulkenberg
100%
Red Bull Lawson
100%
Ferarri Leclerc
100%
McLaren Norris
100%
Haas Ocon
100%
McLaren Piastri
100%
Mercedes Russell
100%
Williams Sainz
100%
Aston Martin Stroll
100%
Red Bull Verstappen
100%
Kick Sauber Bortoleto
94%
Alpine Doohan
94%
VCARB Tsunoda
94%
Aston Martin Alonso
88%
No matching quizzes found
Score Distribution
Percent of People with Each Score
Percentile by Number Answered
Your Score History
You have not taken this quiz since the last reset